01212cam a22003377a 4500003000500000005001700005008004100022010001000063011001000073035001000083040000900093090001000102100003900112245007700151260004000228300001100268502010000279590003700379590004100416590004100457590004100498590004200539650003200581650002800613650003000641901000700671942001000678949004200688999001700730952012700747CHAP20220329134255.0971013s1984 r 00010 d a17945 a18917 a23002 cCHAP aTesis00aCeceñas Esquivel, Javier.92082113aLa industria del maíz en Méxicob: análisis de precios y subsidera aChapingo, Méx. :bEl autor,c1984 a242 h. aTesis (Ing. Agr. Esp. en Economía Agrícola) -- UACH. Departamento de Economía Agrícola. aALEPHb10c20130110lUCH01h1241 aBATCH-UPDb10c20130110lUCH01h1141 aBATCH-UPDb10c20130410lUCH01h0727 aBATCH-UPDb10c20130913lUCH01h2251 aCONVERSIONb10c20130109lUCH01h131114aAgricultura y Estado.9203514aMaízxPrecios.97103914aMaízxProcesado.971040 aBK cTESIS bBCcTESd-53642eTS1h17109i23002si c17945d17945 00102local4051708TESISaBCbBCcPA_TESISd2019-12-31fTESISl0oTesisp-53642r2019-12-31 00:00:00w2019-12-31yTESIS